000 00308nam a22001457a 4500
008 230627b ||||| |||| 00| 0 eng d
020 _a9781337278478
041 _aeng
080 _210E
_a51
082 _a51LAR
100 _a23
101 _aMAT
245 _aTRIGONOMETRY
_cLARSON .R
942 _2udc
_cBK
999 _c60056
_d60056